Perfiles económicos Asia Pacífico 2001

Saved in:
Bibliografiske detaljer
Institution som forfatter: Fundación Chilena del Pacífico (Author)
Format: Bog
Sprog:spansk
Udgivet: Santiago Fundación Chilena del Pacífico 2001
Serier:Estudio, 3. Filipinas, Indonesia, Malasia, Singapur, Tailandia y Vietnam
Fag:
Tags: Tilføj Tag
Ingen Tags, Vær først til at tagge denne postø!

MARC

LEADER 00000nam a2200000 a 4500
001 UCN7244
003 CL-VaPUC
008 011012e20010000CL |||||||||||||||||spa|d
082 0 4 |a 330.95  |b FUN  |2 21 
110 2 |a Fundación Chilena del Pacífico  |e author  |9 463093 
245 1 0 |a Perfiles económicos Asia Pacífico 2001 
300 |a pág. irreg 
942 |c BK 
945 |d 20011012 00:00:00  |a crobeson 
260 |a Santiago  |b Fundación Chilena del Pacífico  |c 2001 
650 7 |a ECONOMIA FILIPINA  |2 CL-VaPUC  |9 463094 
650 7 |a ECONOMIA INDONESIA  |2 CL-VaPUC  |9 463095 
650 7 |a ECONOMIA TAILANDESA  |2 CL-VaPUC  |9 463096 
650 0 |a Economía vietnamita  |9 463097 
650 7 |a RELACIONES ECONOMICAS INTERNACIONALES  |2 CL-VaPUC  |9 315315 
650 7 |a COMERCIO INTERNACIONAL  |2 CL-VaPUC  |9 463098 
583 |a last modification  |c 20011012 00:00:00  |k Rodrigo Vera 
490 0 |a Estudio, 3. Filipinas, Indonesia, Malasia, Singapur, Tailandia y Vietnam 
999 |c 297650  |d 297648 
952 |0 0  |1 0  |4 0  |6 330_950000000000000_FUN_2001  |7 0  |8 A  |9 352567  |a BIBGIM  |b BIBGIM  |d 2019-11-21  |i 3745686  |o 330.95 FUN 2001  |p 3745686  |r 2025-01-15  |w 2019-11-21  |y BK  |k GIM